[Event "Torneo de Ronda Jovenes Promesas 2007"]
[Site "Ronda ESP"]
[Date "2007.10.31"]
[Round "1.2"]
[White "Paz Ladron de Guevara, Daniel"]
[Black "Perez Pardo, Juan Carlos"]
[Result "1/2-1/2"]
[WhiteElo "2362"]
[BlackElo "2312"]
[PlyCount "93"]
[EventDate "2007.10.31"]
[EventType "tourn"]
[EventRounds "9"]
[EventCountry "ESP"]
[EventCategory "3"]
[Source "lmi"]
[SourceDate "2007.10.31"]

1. e4 e6 2. d4 d5 3. Nc3 dxe4 4. Nxe4 Nd7 5. Nf3 Ngf6 6. Nxf6+ Nxf6 7. Bg5 h6
8. Bh4 c5 9. dxc5 Qxd1+ 10. Rxd1 Bxc5 11. Bb5+ Ke7 12. O-O a6 13. Be2 Bd6 14.
Bg3 Bxg3 15. hxg3 b5 16. Ne5 Bb7 17. a4 Rhc8 18. c3 bxa4 19. Ra1 Rd8 20. Rxa4
Rd2 21. Rb4 Rxe2 22. Rxb7+ Kf8 23. Nxf7 Ne4 24. Ne5 Nc5 25. Ng6+ Kg8 26. Rc7
Nd3 27. Rd1 Kh7 28. Rxd3 Kxg6 29. b4 a5 30. b5 a4 31. b6 Ra5 32. g4 Rb5 33.
Rdd7 Rxb6 34. Rxg7+ Kf6 35. f4 Rb1+ 36. Kh2 e5 37. Rgf7+ Ke6 38. f5+ Kd5 39.
Rfd7+ Ke4 40. Rc4+ Ke3 41. Re7 Kd3 42. Rxa4 Rbb2 43. Kh3 Rxg2 44. Rxe5 Rh2+ 45.
Kg3 Rbg2+ 46. Kf3 Rf2+ 47. Kg3 1/2-1/2

[Event "Torneo de Ronda Jovenes Promesas 2007"]
[Site "Ronda ESP"]
[Date "2007.10.31"]
[Round "1.3"]
[White "Naranjo Moreno, Antonio"]
[Black "Aroven, Mikael"]
[Result "1/2-1/2"]
[WhiteElo "2255"]
[BlackElo "2201"]
[PlyCount "265"]
[EventDate "2007.10.31"]
[EventType "tourn"]
[EventRounds "9"]
[EventCountry "ESP"]
[EventCategory "3"]
[Source "lmi"]
[SourceDate "2007.10.31"]

1. e4 c5 2. Nf3 g6 3. d4 cxd4 4. Nxd4 Nc6 5. Nc3 Bg7 6. Be3 Nf6 7. Bc4 O-O 8.
Bb3 a5 9. O-O d6 10. f3 Nxd4 11. Bxd4 Bd7 12. a4 Bc6 13. Qd2 Nd7 14. Bd5 Bxd4+
15. Qxd4 Qb6 16. Rfd1 Qc5 17. Nb5 Rfc8 18. Qxc5 Nxc5 19. Bxc6 bxc6 20. Nc3 Rab8
21. b3 Rb4 22. Na2 Rb7 23. Rd4 Na6 24. Re1 c5 25. Rc4 Nb4 26. Nxb4 Rxb4 27.
Rxb4 cxb4 28. Re2 Kg7 29. Kf2 g5 30. Ke1 Kf6 31. Kd2 h5 32. Re3 Ke5 33. Rd3 e6
34. c4 g4 35. Ke3 gxf3 36. gxf3 Rc6 37. Rd1 Kf6 38. f4 Ke7 39. Kd4 f6 40. Rg1
e5+ 41. Ke3 exf4+ 42. Kxf4 Rc5 43. Rg7+ Ke6 44. h4 Re5 45. Rh7 Rc5 46. Rh8 Ke7
47. Rb8 Kd7 48. Rb5 Ke6 49. Rb8 Ke7 50. Rb7+ Ke6 51. Rb5 Re5 52. Rd5 Rxd5 53.
exd5+ Ke7 54. Ke4 Kf8 55. Kf4 Ke7 56. Ke4 Kf8 57. Kd4 Ke7 58. c5 dxc5+ 59. Kxc5
f5 60. d6+ Kd7 61. Kd5 f4 62. Ke4 Kxd6 63. Kxf4 Kd5 64. Kg5 Kd4 65. Kxh5 Kc3
66. Kg5 Kxb3 67. h5 Kxa4 68. h6 b3 69. h7 b2 70. h8=Q b1=Q 71. Qd4+ Qb4 72.
Qa1+ Kb5 73. Qf1+ Qc4 74. Qb1+ Kc5 75. Qb8 a4 76. Qf8+ Kd4 77. Qf6+ Kd3 78.
Qf1+ Kc3 79. Qc1+ Kb4 80. Qb2+ Ka5 81. Qd2+ Kb5 82. Qb2+ Qb4 83. Qg7 a3 84.
Qd7+ Kc4 85. Qe6+ Kc3 86. Qe1+ Kb3 87. Qb1+ Ka4 88. Qd1+ Kb5 89. Qd7+ Kc4 90.
Qe6+ Kd3 91. Qf5+ Kc3 92. Qf3+ Kc2 93. Qf5+ Kb2 94. Qe5+ Qc3 95. Qb5+ Kc2 96.
Qf5+ Kc1 97. Qf1+ Kb2 98. Qb5+ Ka1 99. Qf1+ Ka2 100. Qe2+ Qb2 101. Qe6+ Kb1
102. Qe4+ Qc2 103. Qb4+ Ka2 104. Kh6 Qc1+ 105. Kh5 Qh1+ 106. Kg4 Qg2+ 107. Kh4
Qe2 108. Kg5 Qd3 109. Kh4 Ka1 110. Qe1+ Kb2 111. Qb4+ Kc2 112. Qa4+ Kb2 113.
Qb4+ Qb3 114. Qd2+ Ka1 115. Qc1+ Ka2 116. Qd2+ Kb1 117. Qe1+ Kc2 118. Qe2+ Kc3
119. Qe3+ Kb4 120. Qb6+ Kc4 121. Qe6+ Kc3 122. Qe3+ Kb2 123. Qd2+ Qc2 124. Qb4+
Ka2 125. Kg5 Qg2+ 126. Kh4 Qd5 127. Kg4 Qd3 128. Kh4 Ka1 129. Qe1+ Kb2 130.
Qb4+ Kc2 131. Qa4+ Kd2 132. Kg4 Kc1 133. Kh4 1/2-1/2

[Event "Torneo de Ronda Jovenes Promesas 2007"]
[Site "Ronda ESP"]
[Date "2007.10.31"]
[Round "1.4"]
[White "Fernandez Siles, Luis"]
[Black "Alonso, Rene"]
[Result "1/2-1/2"]
[WhiteElo "2310"]
[BlackElo "2395"]
[PlyCount "24"]
[EventDate "2007.10.31"]
[EventType "tourn"]
[EventRounds "9"]
[EventCountry "ESP"]
[EventCategory "3"]
[Source "lmi"]
[SourceDate "2007.10.31"]

1. d4 d5 2. c4 dxc4 3. Nf3 Nf6 4. e3 e6 5. Bxc4 c5 6. O-O a6 7. Bb3 Nc6 8. Qe2
cxd4 9. Rd1 Be7 10. exd4 O-O 11. Nc3 Nb4 12. Ne5 Nfd5 1/2-1/2

[Event "Torneo de Ronda Jovenes Promesas 2007"]
[Site "Ronda ESP"]
[Date "2007.10.31"]
[Round "1.5"]
[White "Reyes, Juan"]
[Black "Lopez Gonzalez, Daniel"]
[Result "1-0"]
[WhiteElo "2450"]
[BlackElo "2176"]
[PlyCount "65"]
[EventDate "2007.10.31"]
[EventType "tourn"]
[EventRounds "9"]
[EventCountry "ESP"]
[EventCategory "3"]
[Source "lmi"]
[SourceDate "2007.10.31"]

1. e4 e5 2. Nf3 Nc6 3. Bb5 a6 4. Ba4 Nf6 5. d3 d6 6. c3 g6 7. O-O Bg7 8. d4 Bd7
9. d5 Ne7 10. Nbd2 b5 11. Bc2 O-O 12. c4 Ne8 13. a4 h6 14. Ne1 f5 15. b3 c5 16.
dxc6 Nxc6 17. Nef3 b4 18. Re1 f4 19. Nf1 Qe7 20. Qd5+ Kh8 21. Rd1 Rc8 22. c5
Nd4 23. Nxd4 Rxc5 24. Qb7 exd4 25. Bd3 a5 26. Nd2 Nc7 27. Bb2 f3 28. g3 Qe6 29.
Rac1 Bc8 30. Qb6 Qe5 31. Nc4 Rxc4 32. Rxc4 Ba6 33. Bxd4 1-0

[Event "Torneo de Ronda Jovenes Promesas 2007"]
[Site "Ronda ESP"]
[Date "2007.11.01"]
[Round "2.2"]
[White "Alonso, Rene"]
[Black "Reyes, Juan"]
[Result "1/2-1/2"]
[WhiteElo "2395"]
[BlackElo "2450"]
[PlyCount "21"]
[EventDate "2007.10.31"]
[EventType "tourn"]
[EventRounds "9"]
[EventCountry "ESP"]
[EventCategory "3"]
[Source "lmi"]
[SourceDate "2007.10.31"]

1. e4 e5 2. Nf3 Nc6 3. Bb5 a6 4. Bxc6 dxc6 5. d4 exd4 6. Qxd4 Qxd4 7. Nxd4 Bd7
8. Be3 O-O-O 9. Nc3 Ne7 10. O-O-O c5 11. Nde2 1/2-1/2

[Event "Torneo de Ronda Jovenes Promesas 2007"]
[Site "Ronda ESP"]
[Date "2007.11.01"]
[Round "2.3"]
[White "Aroven, Mikael"]
[Black "Fernandez Siles, Luis"]
[Result "1-0"]
[WhiteElo "2201"]
[BlackElo "2310"]
[PlyCount "55"]
[EventDate "2007.10.31"]
[EventType "tourn"]
[EventRounds "9"]
[EventCountry "ESP"]
[EventCategory "3"]
[Source "lmi"]
[SourceDate "2007.10.31"]

1. c4 g6 2. g3 Bg7 3. Bg2 f5 4. Nc3 Nf6 5. Nf3 O-O 6. O-O d6 7. d4 Qe8 8. Nd5
Nxd5 9. cxd5 Nd7 10. Qc2 Nb6 11. Qxc7 Nxd5 12. Qa5 e6 13. b3 b6 14. Qd2 Bb7 15.
Ba3 Qd7 16. Rac1 a5 17. Rc2 a4 18. Bb4 axb3 19. axb3 Rfc8 20. Rc4 b5 21. Rxc8+
Rxc8 22. Rd1 Nf6 23. Qf4 Ne4 24. Ng5 Bh6 25. Nxe4 Qg7 26. Ng5 e5 27. dxe5 dxe5
28. Qd2 1-0

[Event "Torneo de Ronda Jovenes Promesas 2007"]
[Site "Ronda ESP"]
[Date "2007.11.01"]
[Round "2.4"]
[White "Perez Pardo, Juan Carlos"]
[Black "Naranjo Moreno, Antonio"]
[Result "0-1"]
[WhiteElo "2312"]
[BlackElo "2255"]
[PlyCount "104"]
[EventDate "2007.10.31"]
[EventType "tourn"]
[EventRounds "9"]
[EventCountry "ESP"]
[EventCategory "3"]
[Source "lmi"]
[SourceDate "2007.10.31"]

1. e4 e5 2. Nf3 Nc6 3. d4 exd4 4. Nxd4 Nf6 5. Nxc6 bxc6 6. Nc3 Bb4 7. Bd3 d5 8.
exd5 cxd5 9. O-O O-O 10. Bg5 c6 11. Qf3 Bd6 12. Bxf6 Qxf6 13. Qxf6 gxf6 14. Ne2
c5 15. b3 Be6 16. Rad1 Rfd8 17. Ng3 Rac8 18. Nf5 Bf8 19. Ne3 c4 20. Be2 f5 21.
g3 Be7 22. Rb1 Kg7 23. bxc4 d4 24. Ng2 Bxc4 25. Rfe1 Bd6 26. Rb7 a5 27. Bxc4
Rxc4 28. Re2 Rdc8 29. Nh4 Kf6 30. Rb5 R8c5 31. Rxc5 Bxc5 32. Nf3 Ra4 33. Rd2 h6
34. Kg2 Rxa2 35. Nxd4 Bxd4 36. Rxd4 Rxc2 37. Rd6+ Kg7 38. Rd5 Ra2 39. Rxf5 Kg6
40. g4 a4 41. h4 Ra3 42. Ra5 Ra2 43. Kg3 Kg7 44. Ra6 Ra3+ 45. Kf4 Ra1 46. Kf5
Rh1 47. h5 Ra1 48. f4 a3 49. Rd6 Rb1 50. Ra6 Ra1 51. Ra7 Ra2 52. g5 hxg5 0-1

[Event "Torneo de Ronda Jovenes Promesas 2007"]
[Site "Ronda ESP"]
[Date "2007.11.01"]
[Round "3.1"]
[White "Paz Ladron de Guevara, Daniel"]
[Black "Arribas Lopez, Angel"]
[Result "1-0"]
[WhiteElo "2362"]
[BlackElo "2312"]
[PlyCount "93"]
[EventDate "2007.10.31"]
[EventType "tourn"]
[EventRounds "9"]
[EventCountry "ESP"]
[EventCategory "3"]
[Source "lmi"]
[SourceDate "2007.10.31"]

1. e4 c5 2. Nf3 d6 3. d4 cxd4 4. Nxd4 Nf6 5. Nc3 g6 6. g3 Bg7 7. Bg2 O-O 8. h3
Nc6 9. Nde2 Be6 10. Nd5 Rc8 11. O-O Ne5 12. a4 Nc4 13. Ra2 Nb6 14. b3 Nbxd5 15.
exd5 Bf5 16. g4 Bd7 17. c4 Be8 18. Bb2 a5 19. Re1 Nd7 20. Bxg7 Kxg7 21. Nd4 Nc5
22. Re3 Bd7 23. Rd2 f6 24. Rde2 Rf7 25. Qe1 Kf8 26. f4 Qb6 27. Kh2 Re8 28. Kg3
Rg7 29. Qc3 g5 30. fxg5 Rxg5 31. Be4 h5 32. Bc2 hxg4 33. h4 Re5 34. Bg6 Rd8 35.
Qc2 Nxb3 36. Rxe5 Nxd4 37. Qd2 Nxe2+ 38. Rxe2 Qb3+ 39. Re3 Qb6 40. h5 Be8 41.
Bxe8 Kxe8 42. Qe2 Rd7 43. h6 Qd4 44. h7 f5 45. Re5 Qg1+ 46. Qg2 f4+ 47. Kh4 1-0

[Event "Torneo de Ronda Jovenes Promesas 2007"]
[Site "Ronda ESP"]
[Date "2007.11.01"]
[Round "3.2"]
[White "Naranjo Moreno, Antonio"]
[Black "Minzer, Claudio Javier"]
[Result "1/2-1/2"]
[WhiteElo "2255"]
[BlackElo "2417"]
[PlyCount "30"]
[EventDate "2007.10.31"]
[EventType "tourn"]
[EventRounds "9"]
[EventCountry "ESP"]
[EventCategory "3"]
[Source "lmi"]
[SourceDate "2007.10.31"]

1. e4 c5 2. Nf3 Nc6 3. d4 cxd4 4. Nxd4 g6 5. Nc3 Bg7 6. Be3 Nf6 7. Bc4 Qa5 8.
O-O O-O 9. Nb3 Qc7 10. Bg5 a6 11. Be2 e6 12. Qd2 b5 13. a3 Bb7 14. Nc5 Nd4 15.
Nxb7 Nxe2+ 1/2-1/2

[Event "Torneo de Ronda Jovenes Promesas 2007"]
[Site "Ronda ESP"]
[Date "2007.11.01"]
[Round "3.3"]
[White "Fernandez Siles, Luis"]
[Black "Perez Pardo, Juan Carlos"]
[Result "0-1"]
[WhiteElo "2310"]
[BlackElo "2312"]
[PlyCount "82"]
[EventDate "2007.10.31"]
[EventType "tourn"]
[EventRounds "9"]
[EventCountry "ESP"]
[EventCategory "3"]
[Source "lmi"]
[SourceDate "2007.10.31"]

1. e4 e6 2. d4 d5 3. Nc3 Be7 4. e5 c5 5. dxc5 Nc6 6. Nf3 Bxc5 7. Bd3 Nge7 8.
Qe2 a6 9. h4 Nd4 10. Nxd4 Bxd4 11. h5 Qc7 12. Kd1 Qxe5 13. Qg4 f5 14. Qh4 h6
15. Ne2 Bxb2 16. Rb1 Bxc1 17. Kxc1 b5 18. Qb4 Bd7 19. Re1 a5 20. Qh4 b4 21. f4
Qe3+ 22. Kd1 Ba4 23. Nc1 Qb6 24. g4 Rf8 25. Ne2 Rc8 26. Kd2 Kd7 27. c3 Bb5 28.
Nd4 bxc3+ 29. Ke3 Nc6 30. Bxb5 Qxd4+ 31. Kf3 fxg4+ 32. Qxg4 Rf5 33. Bxc6+ Rxc6
34. Rb7+ Kc8 35. Rxg7 Rxf4+ 36. Qxf4 Qxg7 37. Qa4 Qf7+ 38. Ke3 Rc4 39. Qb5 Re4+
40. Kd3 Qf3+ 41. Kc2 Qf2+ 0-1

[Event "Torneo de Ronda Jovenes Promesas 2007"]
[Site "Ronda ESP"]
[Date "2007.11.01"]
[Round "3.4"]
[White "Reyes, Juan"]
[Black "Aroven, Mikael"]
[Result "1/2-1/2"]
[WhiteElo "2450"]
[BlackElo "2201"]
[PlyCount "103"]
[EventDate "2007.10.31"]
[EventType "tourn"]
[EventRounds "9"]
[EventCountry "ESP"]
[EventCategory "3"]
[Source "lmi"]
[SourceDate "2007.10.31"]

1. e4 c5 2. Nf3 g6 3. c3 Bg7 4. d4 cxd4 5. cxd4 d5 6. e5 Bg4 7. Nbd2 Nh6 8. h3
Bxf3 9. Nxf3 Qb6 10. Bd3 Nc6 11. O-O O-O 12. Bc2 e6 13. Re1 Nf5 14. Bxf5 exf5
15. h4 Nd8 16. Re3 Ne6 17. Rb3 Qa6 18. a4 Rac8 19. Rb5 Rfd8 20. Qb3 Rc4 21.
Rxb7 Nxd4 22. Nxd4 Rxd4 23. Be3 Rd3 24. Rd7 Rc8 25. Qb5 Qe6 26. Bg5 Rb3 27.
Qxd5 Qxd5 28. Rxd5 Rxb2 29. Rad1 h6 30. Be3 Rb4 31. a5 Rc7 32. f4 Re4 33. Kf2
Bf8 34. R1d3 Be7 35. Rd7 Rec4 36. Kf3 a6 37. g3 Rxd7 38. Rxd7 Bb4 39. Bb6 Rc3+
40. Kg2 Ra3 41. Ra7 Bxa5 42. Ra8+ Kh7 43. Bc5 Ra2+ 44. Kh3 g5 45. hxg5 hxg5 46.
fxg5 Bc3 47. Bd6 a5 48. Ra7 Kg6 49. Ra6 Kg7 50. g6 Re2 51. gxf7 Kxf7 52. Ra7+
1/2-1/2

[Event "Torneo de Ronda Jovenes Promesas 2007"]
[Site "Ronda ESP"]
[Date "2007.11.02"]
[Round "4.2"]
[White "Aroven, Mikael"]
[Black "Lopez Gonzalez, Daniel"]
[Result "0-1"]
[WhiteElo "2201"]
[BlackElo "2176"]
[PlyCount "98"]
[EventDate "2007.10.31"]
[EventType "tourn"]
[EventRounds "9"]
[EventCountry "ESP"]
[EventCategory "3"]
[Source "lmi"]
[SourceDate "2007.10.31"]

1. c4 Nf6 2. Nf3 c6 3. g3 d5 4. Qc2 g6 5. d4 Bg7 6. Bg2 O-O 7. O-O Bf5 8. Qb3
Qb6 9. Qxb6 axb6 10. Nbd2 dxc4 11. Nxc4 Nbd7 12. Nfe5 Be6 13. e4 Nxe5 14. Nxb6
Ra6 15. dxe5 Ng4 16. f3 Bxe5 17. fxg4 Rxb6 18. Be3 Rxb2 19. Rab1 Ra8 20. Rxb2
Bxb2 21. Rd1 Bxg4 22. Rd3 Be6 23. Bh6 c5 24. e5 Bd4+ 25. Be3 Bc4 26. Rxd4 cxd4
27. Bxd4 Rd8 28. Bc5 b5 29. a3 Rd1+ 30. Kf2 Rd2+ 31. Kg1 f6 32. exf6 exf6 33.
Bc6 Ra2 34. Bb7 Kf7 35. h4 Ke6 36. Bc8+ Kd5 37. Be7 Ke4 38. h5 gxh5 39. Bb4 Kf3
40. Bd6 Ra1+ 41. Kh2 Bd5 42. Bh3 Ke3 43. Bf4+ Kd3 44. Bf5+ Kc3 45. g4 h4 46.
Kh3 Rh1+ 47. Bh2 Kb3 48. Bd3 Bc6 49. Bxh7 Kxa3 0-1

[Event "Torneo de Ronda Jovenes Promesas 2007"]
[Site "Ronda ESP"]
[Date "2007.11.02"]
[Round "4.3"]
[White "Perez Pardo, Juan Carlos"]
[Black "Reyes, Juan"]
[Result "0-1"]
[WhiteElo "2312"]
[BlackElo "2450"]
[PlyCount "74"]
[EventDate "2007.10.31"]
[EventType "tourn"]
[EventRounds "9"]
[EventCountry "ESP"]
[EventCategory "3"]
[Source "lmi"]
[SourceDate "2007.10.31"]

1. c4 g6 2. Nc3 Bg7 3. g3 d6 4. Bg2 e5 5. e3 Nf6 6. Nge2 O-O 7. O-O Re8 8. d4
e4 9. h3 h5 10. Nf4 c6 11. b4 Bf5 12. Rb1 a6 13. a4 Nbd7 14. Qe2 Bh6 15. Bd2
Bxf4 16. exf4 e3 17. fxe3 Bxb1 18. Rxb1 Nf8 19. d5 cxd5 20. Nxd5 Nxd5 21. Bxd5
Qd7 22. g4 hxg4 23. hxg4 Ne6 24. Qh2 Ng7 25. Qh4 Qxa4 26. Qf6 Qc2 27. Rb2 Qd1+
28. Kf2 Re6 29. Bxe6 fxe6 30. Bc3 e5 31. Qxg6 Rf8 32. Rb1 Qa4 33. Rh1 Qa2+ 34.
Kg3 Qxc4 35. Rh7 exf4+ 36. Kh4 Qxc3 37. Rh6 Rf7 0-1

[Event "Torneo de Ronda Jovenes Promesas 2007"]
[Site "Ronda ESP"]
[Date "2007.11.02"]
[Round "4.4"]
[White "Minzer, Claudio Javier"]
[Black "Fernandez Siles, Luis"]
[Result "1/2-1/2"]
[WhiteElo "2417"]
[BlackElo "2310"]
[PlyCount "50"]
[EventDate "2007.10.31"]
[EventType "tourn"]
[EventRounds "9"]
[EventCountry "ESP"]
[EventCategory "3"]
[Source "lmi"]
[SourceDate "2007.10.31"]

1. e4 e5 2. Nf3 Nc6 3. d4 exd4 4. Nxd4 Bc5 5. Nxc6 Qf6 6. Qf3 bxc6 7. Nd2 d6 8.
Be2 Qxf3 9. Bxf3 Ne7 10. Nb3 Bb6 11. O-O a5 12. a4 Be6 13. Rd1 Bxb3 14. cxb3 f6
15. Bd2 Bc5 16. Bc3 Kf7 17. Be2 Rhb8 18. Bc4+ Ke8 19. Kf1 Ng6 20. f3 Ne5 21.
Ke2 Ke7 22. f4 Nxc4 23. bxc4 Bb4 24. Bd4 Bc5 25. Bc3 Bb4 1/2-1/2

[Event "Torneo de Ronda Jovenes Promesas 2007"]
[Site "Ronda ESP"]
[Date "2007.11.02"]
[Round "4.5"]
[White "Paz Ladron de Guevara, Daniel"]
[Black "Naranjo Moreno, Antonio"]
[Result "1-0"]
[WhiteElo "2362"]
[BlackElo "2255"]
[PlyCount "173"]
[EventDate "2007.10.31"]
[EventType "tourn"]
[EventRounds "9"]
[EventCountry "ESP"]
[EventCategory "3"]
[Source "lmi"]
[SourceDate "2007.10.31"]

1. e4 e5 2. Nc3 Nf6 3. Nf3 Nc6 4. g3 d5 5. exd5 Nxd5 6. Bg2 Nxc3 7. bxc3 Bd6 8.
O-O O-O 9. d3 Bg4 10. h3 Bh5 11. Rb1 Rb8 12. g4 Bg6 13. Ng5 h6 14. Ne4 f5 15.
gxf5 Bxf5 16. Qh5 Qe8 17. Qxe8 Rfxe8 18. f4 Be6 19. a4 Bf8 20. f5 Ba2 21. Rb2
Bf7 22. Be3 Red8 23. Rbb1 b6 24. Kh2 Ne7 25. c4 Nc6 26. Ng5 Nb4 27. Nxf7 Kxf7
28. Rf2 Bc5 29. Bxc5 bxc5 30. Rg1 Rb6 31. Be4 Kf8 32. Rg3 Rbd6 33. Rd2 Na2 34.
Rdg2 R8d7 35. Bd5 Nc3 36. Be6 Re7 37. Rg6 Ke8 38. Rxh6 Kd8 39. Rh8+ Re8 40.
Rxe8+ Kxe8 41. Rxg7 e4 42. Kg2 e3 43. Kf3 e2 44. Kf2 a5 45. Rg1 Rb6 46. Ke3
Nxa4 47. Kxe2 Nc3+ 48. Kd2 Nb1+ 49. Ke3 a4 50. Rg7 a3 51. Ke4 a2 52. Rg8+ Ke7
53. Ra8 Kd6 54. Ke3 Nc3 55. Kd2 Rb1 56. Kxc3 a1=Q+ 57. Rxa1 Rxa1 58. Bd5 Ke5
59. h4 Kxf5 60. h5 Ra3+ 61. Kd2 Ra6 62. Ke3 Ra2 63. Be4+ Kg5 64. Bg6 Rxc2 65.
Ke4 c6 66. Ke5 Re2+ 67. Kd6 Kf6 68. Kxc5 Re6 69. Be4 Ke7 70. Kb6 c5+ 71. Kxc5
Re5+ 72. Kc6 Rxh5 73. c5 Kd8 74. Kb6 Rh2 75. Kc6 Rd2 76. Kd6 Rh2 77. Bd5 Rd2
78. Bc4 Rb2 79. c6 Rb6 80. d4 Kc8 81. Kc5 Rb1 82. d5 Rc1 83. d6 Rc2 84. Kb5 Kb8
85. c7+ Kb7 86. Bd5+ Kc8 87. Be6+ 1-0

[Event "Torneo de Ronda Jovenes Promesas 2007"]
[Site "Ronda ESP"]
[Date "2007.11.02"]
[Round "5.1"]
[White "Naranjo Moreno, Antonio"]
[Black "Arribas Lopez, Angel"]
[Result "1-0"]
[WhiteElo "2255"]
[BlackElo "2312"]
[PlyCount "99"]
[EventDate "2007.10.31"]
[EventType "tourn"]
[EventRounds "9"]
[EventCountry "ESP"]
[EventCategory "3"]
[Source "lmi"]
[SourceDate "2007.10.31"]

1. e4 c5 2. Nf3 d6 3. d4 cxd4 4. Nxd4 Nf6 5. Nc3 g6 6. Be3 Bg7 7. f3 O-O 8. Qd2
Nc6 9. Bc4 Bd7 10. O-O-O Rb8 11. Bb3 Na5 12. g4 b5 13. Bh6 Nc4 14. Bxc4 bxc4
15. Bxg7 Kxg7 16. h4 Qb6 17. b3 Qa5 18. Kb2 Rfc8 19. h5 Rb6 20. hxg6 fxg6 21.
Nde2 Be6 22. Qh6+ Kf7 23. g5 cxb3 24. axb3 Bxb3 25. cxb3 Qb4 26. Kc2 Qxb3+ 27.
Kd2 Rxc3 28. Nxc3 Qc4 29. gxf6 Rb2+ 30. Ke3 Qxc3+ 31. Rd3 Qc5+ 32. Rd4 Rb3+ 33.
Kf4 Kxf6 34. Qf8+ Ke6 35. Rd5 Qe3+ 36. Kg3 Qxe4 37. Qg8+ Kf6 38. Rxd6+ e6 39.
Qf8+ Kg5 40. Qh6+ Kf5 41. Qh3+ Kf6 42. Qh4+ Qxh4+ 43. Rxh4 Rb7 44. Re4 Re7 45.
Ra6 h5 46. Rea4 Rb7 47. Rf4+ Kg5 48. Rxe6 Rh7 49. Re5+ Kh6 50. Rf6 1-0

[Event "Torneo de Ronda Jovenes Promesas 2007"]
[Site "Ronda ESP"]
[Date "2007.11.02"]
[Round "5.2"]
[White "Fernandez Siles, Luis"]
[Black "Paz Ladron de Guevara, Daniel"]
[Result "1-0"]
[WhiteElo "2310"]
[BlackElo "2362"]
[PlyCount "65"]
[EventDate "2007.10.31"]
[EventType "tourn"]
[EventRounds "9"]
[EventCountry "ESP"]
[EventCategory "3"]
[Source "lmi"]
[SourceDate "2007.10.31"]

1. e4 e6 2. d4 d5 3. Nc3 Bb4 4. e5 c5 5. Bd2 Ne7 6. Nb5 Bxd2+ 7. Qxd2 O-O 8. f4
b6 9. Nf3 Ba6 10. c3 Qd7 11. Nd6 Nc8 12. Bxa6 Nxa6 13. Nxc8 Qxc8 14. O-O Nb8
15. f5 exf5 16. Nh4 Qe6 17. Nxf5 Nd7 18. Qg5 g6 19. Nh6+ Kg7 20. Rae1 cxd4 21.
cxd4 Rae8 22. Re3 Kh8 23. Ng4 Rg8 24. Rh3 Rg7 25. Nf6 Rc8 26. Qh6 Nf8 27. Rh4
Qc6 28. Qe3 Qc2 29. Qh3 Rc4 30. e6 Qe2 31. exf7 Rxf7 32. Rhf4 Rc2 33. Nxh7 1-0

[Event "Torneo de Ronda Jovenes Promesas 2007"]
[Site "Ronda ESP"]
[Date "2007.11.02"]
[Round "5.3"]
[White "Reyes, Juan"]
[Black "Minzer, Claudio Javier"]
[Result "1/2-1/2"]
[WhiteElo "2450"]
[BlackElo "2417"]
[PlyCount "22"]
[EventDate "2007.10.31"]
[EventType "tourn"]
[EventRounds "9"]
[EventCountry "ESP"]
[EventCategory "3"]
[Source "lmi"]
[SourceDate "2007.10.31"]

1. e4 c5 2. Nf3 d6 3. Nc3 a6 4. d4 cxd4 5. Nxd4 Nf6 6. Be2 e5 7. Nb3 Be7 8. Bg5
Nbd7 9. a4 b6 10. Bc4 Bb7 11. Qe2 Qc7 1/2-1/2

[Event "Torneo de Ronda Jovenes Promesas 2007"]
[Site "Ronda ESP"]
[Date "2007.11.02"]
[Round "5.4"]
[White "Lopez Gonzalez, Daniel"]
[Black "Perez Pardo, Juan Carlos"]
[Result "1-0"]
[WhiteElo "2176"]
[BlackElo "2312"]
[PlyCount "79"]
[EventDate "2007.10.31"]
[EventType "tourn"]
[EventRounds "9"]
[EventCountry "ESP"]
[EventCategory "3"]
[Source "lmi"]
[SourceDate "2007.10.31"]

1. d4 d5 2. c4 dxc4 3. e3 c5 4. Bxc4 e6 5. Nf3 Nf6 6. O-O Nc6 7. Qe2 cxd4 8.
Rd1 Be7 9. exd4 O-O 10. Nc3 Na5 11. Bd3 b6 12. d5 exd5 13. Bg5 Bb7 14. Nd4 Ne4
15. Bxe7 Qxe7 16. Nf5 Qf6 17. Nxd5 Bxd5 18. Bxe4 Bxe4 19. Qxe4 Rfe8 20. Qf3
Qxb2 21. Ne7+ Kf8 22. Nd5 Rac8 23. Qh3 Rcd8 24. Qxh7 Rxd5 25. Qh8+ Ke7 26. Re1+
Re5 27. Qxg7 Nc4 28. f4 Rxe1+ 29. Rxe1+ Kd6 30. Rd1+ Kc5 31. Qxf7 Re2 32. Qd5+
Kb4 33. a4 a6 34. h4 b5 35. axb5 axb5 36. h5 Qg7 37. Rb1+ Ka4 38. Qd1+ Ka5 39.
Qxe2 Qf6 40. Qa2+ 1-0

[Event "Torneo de Ronda Jovenes Promesas 2007"]
[Site "Ronda ESP"]
[Date "2007.11.02"]
[Round "5.5"]
[White "Alonso, Rene"]
[Black "Aroven, Mikael"]
[Result "1/2-1/2"]
[WhiteElo "2395"]
[BlackElo "2201"]
[PlyCount "44"]
[EventDate "2007.10.31"]
[EventType "tourn"]
[EventRounds "9"]
[EventCountry "ESP"]
[EventCategory "3"]
[Source "lmi"]
[SourceDate "2007.10.31"]

1. d4 Nf6 2. Nf3 e6 3. c4 Nc6 4. a3 d6 5. Nc3 g6 6. g3 Bg7 7. Bg2 O-O 8. O-O a5
9. b3 e5 10. d5 Ne7 11. e4 Bg4 12. Qc2 Bxf3 13. Bxf3 Nd7 14. Bg2 f5 15. f3 f4
16. Bh3 h5 17. Bd2 g5 18. Nb5 Ng6 19. Bf5 Rf6 20. b4 axb4 21. axb4 Rxa1 22.
Rxa1 Ne7 1/2-1/2

[Event "Torneo de Ronda Jovenes Promesas 2007"]
[Site "Ronda ESP"]
[Date "2007.11.03"]
[Round "6.1"]
[White "Arribas Lopez, Angel"]
[Black "Aroven, Mikael"]
[Result "1/2-1/2"]
[WhiteElo "2312"]
[BlackElo "2201"]
[PlyCount "142"]
[EventDate "2007.10.31"]
[EventType "tourn"]
[EventRounds "9"]
[EventCountry "ESP"]
[EventCategory "3"]
[Source "lmi"]
[SourceDate "2007.10.31"]

1. e4 c5 2. Nf3 g6 3. d4 cxd4 4. Nxd4 Nc6 5. c4 Nf6 6. Nc3 d6 7. Be2 Nxd4 8.
Qxd4 Bg7 9. Be3 O-O 10. Qd2 a5 11. f3 a4 12. Rc1 Qa5 13. Rc2 Re8 14. O-O Nd7
15. Nd5 Nc5 16. Rd1 Be6 17. Bd4 Bxd5 18. cxd5 Qxd2 19. Rdxd2 Rec8 20. Bxg7 Kxg7
21. Kf2 Rf8 22. Rc4 Ra5 23. f4 f5 24. exf5 gxf5 25. Ke3 Kf6 26. Rb4 Re8 27. Bb5
Rc8 28. Rdd4 Rca8 29. g3 Kf7 30. Bd3 Kf6 31. Bc2 b5 32. Rd2 Rb8 33. Bd3 Na6 34.
Rd4 Nc5 35. Rc2 b4 36. Rcc4 b3 37. a3 Rh8 38. Rb4 h5 39. h4 Rg8 40. Kf3 Nxd3
41. Rxd3 Rc8 42. Rbd4 Rc2 43. Rd2 Rxd2 44. Rxd2 e5 45. dxe6 Kxe6 46. Ke3 Rc5
47. Ke2 d5 48. Kd1 Rc4 49. Re2+ Kd6 50. Re5 Rc2 51. Re2 Rxe2 52. Kxe2 Kc5 53.
Kd3 d4 54. Kd2 Kc4 55. Ke2 Kc5 56. Kd2 Kc4 57. Ke2 Kd5 58. Kd3 Kc5 59. Kd2 Kc4
60. Ke2 d3+ 61. Ke3 d2 62. Kxd2 Kd4 63. Ke2 Ke4 64. Kf2 Kd4 65. Kg2 Ke4 66. Kf2
Kd4 67. Ke1 Ke4 68. Ke2 Kd4 69. Kd2 Ke4 70. Ke2 Kd4 71. Kd2 Ke4 1/2-1/2

[Event "Torneo de Ronda Jovenes Promesas 2007"]
[Site "Ronda ESP"]
[Date "2007.11.03"]
[Round "6.2"]
[White "Perez Pardo, Juan Carlos"]
[Black "Alonso, Rene"]
[Result "1/2-1/2"]
[WhiteElo "2312"]
[BlackElo "2395"]
[PlyCount "20"]
[EventDate "2007.10.31"]
[EventType "tourn"]
[EventRounds "9"]
[EventCountry "ESP"]
[EventCategory "3"]
[Source "lmi"]
[SourceDate "2007.10.31"]

1. e4 Nf6 2. e5 Nd5 3. d4 d6 4. c4 Nb6 5. f4 dxe5 6. fxe5 c5 7. d5 e6 8. Nc3
exd5 9. cxd5 c4 10. Nf3 Bg4 1/2-1/2